Estadísticas para Cuenta del 1-10 en Europa

Haz click aquí para tomar la prueba!

Estadísticas generales

  • Esta prueba ha sido tomada 641 veces
  • La puntuación promedio es 22 de 30

Estadísticas de respuestas

Language # Word % Correcto
Spanish1One
100%
Spanish2Two
99%
Spanish7Seven
98%
Spanish10Ten
98%
Spanish9Nine
98%
French6Six
98%
Spanish6Six
98%
Spanish5Five
98%
Spanish4Four
98%
Spanish3Three
98%
Spanish8Eight
97%
French1Un
87%
French3Trois
75%
French5Cinq
75%
French2Deux
74%
French4Quatre
73%
French10Dix
69%
French9Neuf
69%
French7Sept
69%
French8Huit
66%
German3Drei
54%
German1Eins
52%
German2Zwei
52%
German5Fünf
51%
German8Acht
48%
German4Vier
46%
German7Sieben
44%
German9Neun
44%
German6Sechs
42%
German10Zehn
41%

Distribución de puntuación

Porcentaje por número respondido

Porcentaje de gente con cada puntuación

Historial de tus puntuaciones

No has tomado esta prueba